Basic Graphic Kinematics (Record no. 298435)

000 -LEADER
fixed length control field 00253 a2200109 4500
001 - CONTROL NUMBER
control field 63362
082 ## - DEWEY DECIMAL CLASSIFICATION NUMBER
Classification number 621.811 KEP
090 ## - LOCALLY ASSIGNED LC-TYPE CALL NUMBER (OCLC); LOCAL CALL NUMBER (RLIN)
-- 37413
-- 37413
100 ## - MAIN ENTRY--PERSONAL NAME
Personal name Kelpher, H.B
245 ## - TITLE STATEMENT
Title Basic Graphic Kinematics
Medium English
260 ## - PUBLICATION, DISTRIBUTION, ETC.
Place of publication, distribution, etc. India
Name of publisher, distributor, etc. Mcgraw Hill
942 ## - ADDED ENTRY ELEMENTS (KOHA)
Institution code [OBSOLETE] CAE NUST
Call number prefix 621.811 KEP
Holdings
Withdrawn status Lost status Damaged status Not for loan Collection code Permanent Location Current Location Date acquired Total Checkouts Full call number Barcode Date last seen Price effective from Koha item type
          College of Aeronautical Engineering (CAE) College of Aeronautical Engineering (CAE) 04/03/2017   621.811 KEP CAEG-5529 04/05/2017 04/05/2017 Book
© 2023 Central Library, National University of Sciences and Technology. All Rights Reserved.